000 00672nam 22001933 4500
001 201774
010 _a972-31-0980-8
021 _b182981/02
090 _a201774
100 _a20260415d u||y0pory50 ba
200 _aO poder do pó
_eo pensamento social e político de John Ruskin (1819-1900)
_fIolanda Freitas Ramos
210 _aLisboa
_cFundação Calouste Gulbenkian
_d2002
215 _a542 p.
_cbrochado
_d23 cm
225 _atextos universitários de ciências sociais e humanas
606 _911269
_aQuestões gerais em linguística e literatura. Filologia
675 _a82.09
_vPT
_zpor
700 _917122
_aRamos
_bIolanda Freitas
801 _aPT
_bBMMN
_gRPC
990 _cLIVROS